| 000 | 00214nam a22000857a 4500 | ||
|---|---|---|---|
| 999 |
_c1144 _d1144 |
||
| 003 | OSt | ||
| 005 | 20170830154241.0 | ||
| 008 | 160629b xxu||||| |||| 00| 0 eng d | ||
| 020 | _a9788176485098 | ||
| 040 | _cBOOK | ||
| 100 |
_91385 _aSarada, M |
||
| 245 | _aExploring Spoken English | ||
| 260 |
_aDELHI _bKIRAN _c2004 |
||
| 942 |
_2ddc _cBK |
||